| 000 | 00523nam a2200181Ia 4500 | ||
|---|---|---|---|
| 999 |
_c22727 _d22727 |
||
| 003 | OSt | ||
| 005 | 20200320094247.0 | ||
| 008 | 190216s9999||||xx |||||||||||||| ||und|| | ||
| 020 | _a9788182710207 | ||
| 040 | _coclc | ||
| 082 |
_a297 _bRAZ/K |
||
| 100 |
_aRazaq, M S A _92105 |
||
| 245 | 0 |
_aKarmasasthra Madhabukal Oru Patanam / _cM S A Razaq |
|
| 260 |
_bIslamic Publishing House, _aKozhikode: _c2004. |
||
| 300 | _a118p | ||
| 650 | _aIslamic History | ||
| 942 |
_cBK _2ddc _h297 _iRAZ/K _k297 _mRAZ/K |
||